000 00580nam a2200241Ia 4500
005 20260306150703.0
008 008 260114s9999 xx 000 0 eng d
020 _a9780691213170
037 _aEbook
040 _aCRL
040 _beng
040 _cCRL
041 _2eng
041 _aeng
084 _qCRL
245 0 _aJung on Synchronicity and the Paranormal
260 _bPrinceton University Press
260 _c1999
650 _aSocial Sciences
856 _uhttps://www.degruyter.com/isbn/9780691213170
942 _cEBOOK
999 _c1698786
_d1698786